000 00268nam a22001217a 4500
003 SGT
082 _a345.02
_bBAR
100 _aBARE ACT
245 _aTHE PREVENTION OF CORRUPTION ACT 1988
260 _aGURGAON
_bUNIVERSAL
_c2022
300 _aX ,27
942 _2ddc
_cBK
_01
999 _c22983
_d22983